| 000 | 00820 a2200169 4500 | ||
|---|---|---|---|
| 003 | Nust | ||
| 005 | 20230201145522.0 | ||
| 040 | _cNust | ||
| 082 | _a934,NAT | ||
| 100 |
_aM. S. Nateson _9108423 |
||
| 245 |
_aPre Mussalman India / _cM.S. Nateson |
||
| 260 |
_aLondon _bSri Vani Vilas Press _c1917 |
||
| 300 | _a138 | ||
| 505 | _aIntroduction (Page-Xvii), The Age Of The Ithasas (Page-1), The Dravidians (Page-18), The Post Vedic Ages (Page-20), Mahavira (Page-25), Foreign Invasions (Page-32), Alexander The Great (Page-34), The Later Guptas (Page-68), The Harsha Empire (Page-72), Hiuen Tsag (Page-75), Sultan Muhammad Ghor Ali (Page-11), The Sultan Dehli (Page-115), Conclusion (Page-116), The Series Of India History (Page-126). | ||
| 650 |
_aPre Mussalman india _9108424 |
||
| 942 |
_2ddc _cBK _k934,NAT |
||
| 999 |
_c186951 _d186951 |
||